[Event "Bundesliga 2003-4"]
[Site "Wattenscheid GER"]
[Date "2004.04.25"]
[Round "15"]
[White "Holzke,F"]
[Black "Pfretzschner,R"]
[Result "1-0"]
[WhiteElo "2471"]
[BlackElo "2222"]

1.e4 d5 2.exd5 Qxd5 3.Nc3 Qd6 4.d4 Nf6 5.Bc4 a6 6.Bb3 Nc6 7.Nge2 e5 8.dxe5 Qxd1+
9.Nxd1 Nxe5 10.O-O Bd6 11.Ndc3 O-O 12.Bg5 Nh5 13.Ne4 h6 14.f4 hxg5 15.fxe5 Bxe5
16.Rxf7 Rxf7 17.Nxg5 Bxb2 18.Rd1 Bg4 19.Bxf7+ Kf8 20.h3 Bxe2 21.Rd7 Bd4+
22.Kh2 Be5+ 23.g3 Bxg3+ 24.Kg1  1-0

[Event "ch-POL w"]
[Site "Warsaw POL"]
[Date "2004.04.26"]
[Round "1"]
[White "Czarnota,D"]
[Black "Kupczyk,E"]
[Result "0-1"]
[WhiteElo "2222"]
[BlackElo "2163"]

1.e4 d5 2.exd5 Qxd5 3.Nc3 Qd6 4.d4 Nf6 5.h3 a6 6.Nf3 Nc6 7.Be3 Bf5 8.Qd2 e6
9.g4 Ne4 10.Qc1 Bg6 11.Ne2 O-O-O 12.Nf4 e5 13.Nxg6 hxg6 14.c3 f5 15.gxf5 gxf5
16.Be2 Qd5 17.dxe5 Nxe5 18.Qd1 Qc6 19.Qb3 Nc5 20.Bxc5 Nxf3+  0-1

[Event "4th Gold Cup"]
[Site "Szombathely HUN"]
[Date "2004.04.27"]
[Round "9"]
[White "Muzychuk,A"]
[Black "Papadopoulou,V"]
[Result "1/2-1/2"]
[WhiteElo "2387"]
[BlackElo "2267"]

1.e4 d5 2.exd5 Qxd5 3.Nc3 Qd6 4.g3 Nf6 5.Bg2 c6 6.Nf3 Bg4 7.O-O e6 8.d3 Qc7
9.Qe2 Nbd7 10.Ne4 Nxe4 11.dxe4 Ne5 12.Qe3 Nxf3+ 13.Bxf3 Bxf3 14.Qxf3 Be7
15.Bf4 e5 16.Be3 O-O 17.Rfd1 Rfd8 18.Qe2 Qa5 19.Qc4 h6 20.a4 Bg5 21.Bc5 Rxd1+
22.Rxd1 Rd8 23.Rxd8+ Bxd8 24.b3 Qe1+ 25.Kg2 Bb6 26.Bxb6 axb6 27.Qd3 Qb4 28.h4 h5
29.Kf3 g6 30.Ke2 Kg7 31.Qe3 b5  1/2-1/2

[Event "68th ch-BUL"]
[Site "Sofia BUL"]
[Date "2004.04.29"]
[Round "7"]
[White "Cheparinov,I"]
[Black "Dochev,D"]
[Result "1-0"]
[WhiteElo "2555"]
[BlackElo "2359"]

1.e4 d5 2.exd5 Qxd5 3.Nc3 Qd6 4.d4 Nf6 5.Nf3 a6 6.Bd3 Bg4 7.h3 Bh5 8.Ne4 Nxe4
9.Bxe4 Nd7 10.c3 c6 11.O-O e6 12.Qb3 Qc7 13.Re1 Nf6 14.Bf4 Qc8 15.Ne5 Bd6
16.Nxf7 Bxf4 17.Nxh8 Kf8 18.Bxh7 Nxh7 19.Rxe6 Qd7 20.Rae1 Re8 21.Rxe8+ Bxe8
22.Qc2 Nf6 23.Ng6+ Bxg6 24.Qxg6 Bc7 25.Qg5 Kg8 26.Qe3 Qd5 27.Qe6+ Qxe6 28.Rxe6 Kf7
29.Re2 b5 30.g3 a5 31.Kg2 Nd5 32.Kf3 a4 33.Rc2 Ba5 34.Ke4 a3 35.bxa3 Nb6
36.Kd3 Ke6 37.Re2+ Kd5 38.Re5+ Kd6 39.Rg5 Na4 40.Rxg7  1-0

[Event "4th Gold Cup"]
[Site "Szombathely HUN"]
[Date "2004.04.29"]
[Round "11"]
[White "Borosova,Z"]
[Black "Papadopoulou,V"]
[Result "0-1"]
[WhiteElo "2205"]
[BlackElo "2267"]

1.e4 d5 2.exd5 Qxd5 3.Nc3 Qd6 4.d4 c6 5.Nf3 Nf6 6.h3 Bf5 7.Bc4 e6 8.Bb3 Nbd7
9.Be3 Qc7 10.Qe2 h6 11.O-O-O O-O-O 12.Ne5 Nb6 13.g4 Bh7 14.Bxh6 gxh6 15.Nxf7 Bg7
16.Nxh8 Bxh8 17.Bxe6+ Kb8 18.Qe5 Rd6 19.Rhe1 Bg7 20.Bf5 Nxg4 21.Qe8+ Rd8
22.Bxg4 Nc4 23.Qe2 b5 24.Be6 Qf4+ 25.Kb1 Re8 26.Qg4 Bxc2+ 27.Ka1 Qxf2 28.Re2 Bxd1
29.Nxd1 Qf1 30.Rf2 Qd3 31.Bxc4 Qxc4 32.Qg3+ Be5 33.Qc3 Qxd4 34.Qxd4 Bxd4
35.Rd2 c5 36.Kb1 Kc7 37.Kc2 Kc6 38.Rg2 Re6 39.Kd2 a5 40.Rg8 a4 41.Ra8 Kd5
42.Rg8 Re5 43.Rg3 Rg5 44.Rf3 Ke4 45.Rf7 Rg2+ 46.Kc1 a3 47.bxa3 Rxa2 48.Rb7 Rxa3
49.Rxb5 Rxh3 50.Rb6 h5 51.Re6+ Kd5 52.Rg6 h4 53.Rg5+ Kc4 54.Rg4 Kb3 55.Kd2 Rh2+
56.Kd3 Rh1 57.Kd2 h3 58.Rg3+ Kb4 59.Rg4 Kb5 60.Rh4 Rh2+ 61.Ke1 Be5 62.Kf1 Bg3
63.Rh7 Rh1+ 64.Ke2 Re1+ 65.Kd2 h2 66.Nc3+ Kc4 67.Ne2 h1=Q 68.Rxh1 Rxh1 69.Nxg3 Rh2+
70.Kc1 Kd3  0-1

[Event "1st Open"]
[Site "Kranj SLO"]
[Date "2004.05.09"]
[Round "4"]
[White "Ragger,M"]
[Black "Nikolov,Sas"]
[Result "1/2-1/2"]
[WhiteElo "2365"]
[BlackElo "2392"]

1.e4 d5 2.exd5 Qxd5 3.Nc3 Qd6 4.d4 Nf6 5.Nf3 a6 6.g3 Bg4 7.Bg2 Nc6 8.O-O O-O-O
9.d5 Ne5 10.Nxe5 Bxd1 11.Nxf7 Bxc2 12.Nxd6+ exd6 13.Re1 Re8 14.Be3 g6 15.Rac1 Bf5
16.Ne2 Bg7 17.Nd4 Ng4 18.Nxf5 gxf5 19.Rc2 Bd4 20.Rce2 Bxe3 21.fxe3 Kd8 22.e4 fxe4
23.Rxe4 Ne5 24.Rf1 Ref8 25.Rb4 b6 26.Rh4 Rxf1+ 27.Kxf1 Ke7 28.Ke2 Kf6 29.Rf4+ Kg7
30.Kd2 a5 31.h4 Rf8 32.Rxf8 Kxf8 33.b3 Kg7 34.Ke3 Kf6 35.Be4 h6 36.Kf4 b5
37.g4 b4 38.g5+ hxg5+ 39.hxg5+ Kg7 40.Kf5 Kf7 41.Kf4 Kg7 42.Kf5 Kf7 43.Kf4  1/2-1/2

[Event "Trofeo CBA"]
[Site "Milan ITA"]
[Date "2004.05.14"]
[Round "1"]
[White "Ricci,M"]
[Black "Mariano,E"]
[Result "1-0"]
[WhiteElo "2169"]
[BlackElo "2198"]

1.e4 d5 2.exd5 Qxd5 3.Nc3 Qd6 4.d4 Nf6 5.Bc4 a6 6.Nge2 Qc6 7.Qd3 Qxg2 8.Rg1 Qxh2
9.Bf4 Qh3 10.Rg3 Qd7 11.O-O-O b5 12.Qf3 c6 13.Bb3 Bb7 14.Be5 c5 15.Qf4 c4
16.Bxc4 bxc4 17.Bxb8 Nh5 18.Qe5 Nxg3 19.Nxg3 f6 20.Qc7 Qxc7 21.Bxc7 Rc8 22.Bf4 g5
23.Be3 Bf3 24.Re1 h5 25.Nge4 h4 26.Bd2 Kf7 27.Bxg5 Bxe4  1-0

[Event "57th ch-RUS Qualifier"]
[Site "St Petersburg RUS"]
[Date "2004.05.22"]
[Round "2"]
[White "Danin,A"]
[Black "Kurnosov,I"]
[Result "1/2-1/2"]
[WhiteElo "2332"]
[BlackElo "2543"]

1.e4 d5 2.exd5 Qxd5 3.Nc3 Qd6 4.d4 Nf6 5.Nf3 a6 6.Be2 Nc6 7.Be3 Bg4 8.Qd2 e6
9.h3 Bh5 10.a3 Be7 11.O-O O-O 12.Rad1 Rfd8 13.Qc1 Qd7 14.Ne5 Qe8 15.Bxh5 Nxh5
16.Nf3 Nf6 17.Rfe1 b5 18.Bg5 Nd5 19.Ne4 Bxg5 20.Nfxg5 Nb6 21.c3 h6 22.Nf3 a5
23.Qf4 Qe7 24.Nc5 Nc4 25.b3 Nb6 26.Qe4 Qe8 27.a4 bxa4 28.bxa4 Ne7 29.Ne5 Ned5
30.Rd3 Nf6 31.Qh4 Nfd7 32.Rg3 Kh7 33.Ncxd7 Nxd7 34.Nc6 Nf6 35.Nxd8 Rxd8 36.Qf4 Nh5
37.Qe4+ f5 38.Qxe6 Qxe6 39.Rxe6 Nxg3 40.fxg3 c5 41.dxc5 Rd5 42.Rc6 Rd1+ 43.Kh2 Ra1
44.Rd6 Rxa4 45.Rd4 Ra3 46.Rc4 Rb3 47.c6 Rb8 48.g4 fxg4 49.Rxg4 Rc8 50.Rc4 Kg6
51.Kg3 Kf6 52.Kf4 Ke6 53.Rc5 a4 54.Rc4 Ra8 55.c7 Kd7 56.c8=Q+ Rxc8 57.Rxa4 Rxc3
58.Ra7+ Ke6 59.Rxg7 Kf6 60.Rg8 Rc4+ 61.Kg3 Kf7 62.Rg4 Rc3+ 63.Kh4 Rc5 64.g3 Rb5
65.Rd4 Kg6 66.Rd6+ Kg7 67.Re6 Rb4+ 68.Kh5 Rb5+ 69.Kg4 Rb3 70.Kf4 Ra3 71.Re3 Ra5
72.g4 Kg6 73.h4 Kf6 74.Rd3 Ra4+ 75.Kf3 Rb4 76.Rd6+ Kg7 77.Rd7+ Kf6 78.Rd6+ Kg7
79.Rd5 Ra4 80.Kg3 Rb4 81.Rd7+ Kg8 82.Re7 Ra4 83.Re5 Kg7 84.Kf3 Rb4 85.Re4 Rb3+
86.Kf4 Rh3 87.h5 Rb3 88.Re7+ Kg8 89.Kf5 Rb4 90.Re4 Rb5+ 91.Re5 Rb4 92.Re6 Kg7
93.Rg6+ Kh7 94.Rd6 Rb5+ 95.Kf6 Rg5 96.Rd4 Kh8 97.Rf4 Kh7 98.Ke7 Kg8  1/2-1/2

[Event "Summer II"]
[Site "Alushta UKR"]
[Date "2004.05.23"]
[Round "3"]
[White "Pavlov,Ma"]
[Black "Hasangatin,R"]
[Result "1/2-1/2"]
[WhiteElo "2451"]
[BlackElo "2503"]

1.e4 d5 2.exd5 Qxd5 3.Nc3 Qd6 4.d4 Nf6 5.Bc4 a6 6.Nge2 b5 7.Bb3 Bb7 8.O-O e6
9.Bf4 Qd8 10.Re1 Be7 11.Ng3 O-O 12.Qd2 c5 13.dxc5 Qxd2 14.Bxd2 Nbd7 15.Nce4 Nxe4
16.Nxe4 Bxe4 17.Rxe4 Nxc5 18.Re2 Rfd8  1/2-1/2

[Event "103rd NY Masters"]
[Site "New York USA"]
[Date "2004.05.25"]
[Round "1"]
[White "Hess,Ro"]
[Black "Becerra Rivero,J"]
[Result "0-1"]
[WhiteElo "2169"]
[BlackElo "2547"]

1.e4 d5 2.exd5 Qxd5 3.Nc3 Qd8 4.g3 Nf6 5.Bg2 g6 6.Nge2 Bg7 7.O-O O-O 8.d4 Nbd7
9.Bf4 Nb6 10.Be5 Nc4 11.Bxf6 Bxf6 12.Ne4 Nxb2 13.Nxf6+ exf6 14.Qc1 Nc4 15.Qh6 Rb8
16.Rab1 Nd6 17.Qf4 Re8 18.Nc3 Kg7 19.h4 h5 20.Rfe1 Be6 21.f3 c6 22.g4 Rh8
23.g5 Nf5 24.Rbd1 fxg5 25.hxg5 Qd6 26.Qd2 Rbd8 27.Qc1 Nxd4 28.Ne4 Ne2+ 29.Kf2 Qxd1
30.Qxd1 Rxd1 31.Rxd1 Nf4 32.Nc5 b6 33.Kg3 Ne2+ 34.Kf2 bxc5 35.Kxe2 Rb8 36.Kd2 Rd8+
37.Kc1 Rxd1+ 38.Kxd1 Bxa2 39.Kd2 Bd5 40.Kd3 c4+  0-1

[Event "I Andbanc Quad"]
[Site "Andorra la Vella AND"]
[Date "2004.05.29"]
[Round "1"]
[White "Fluvia Poyatos,J"]
[Black "Monell Camarasa,D"]
[Result "1-0"]
[WhiteElo "2450"]
[BlackElo "2233"]

1.e4 d5 2.exd5 Qxd5 3.Nc3 Qd8 4.Bc4 Nf6 5.Nf3 Bf5 6.d4 c6 7.Ne5 e6 8.g4 Bg6
9.h4 Bb4 10.f3 Nd5 11.Bd2 Bxc3 12.bxc3 f6 13.Nxg6 hxg6 14.Bd3 f5 15.Qe2 Qe7
16.c4 Nc7 17.Rb1 b6 18.Bf4 Rxh4 19.Kd2 Nba6 20.c5 b5 21.Bd6 Qf6 22.Be5 Qg5+
23.f4 Qh6 24.Qg2 Nd5 25.g5 Rg4 26.Qxg4  1-0

[Event "TCh-BIH"]
[Site "Neum BIH"]
[Date "2004.05.29"]
[Round "1"]
[White "Basagic,Z"]
[Black "Vojinovic,G"]
[Result "1/2-1/2"]
[WhiteElo "2369"]
[BlackElo "2432"]

1.e4 d5 2.exd5 Qxd5 3.Nc3 Qd8 4.d4 Nf6 5.Bf4 c6 6.Qd2 Bf5 7.Nge2 e6 8.Ng3 Bg6
9.h4 h6 10.h5 Bh7 11.Be2 Nbd7 12.Bf3 Nb6 13.O-O-O Bb4 14.Qe2 Bxc3 15.bxc3 Nfd5
16.Bxd5 Qxd5 17.Kd2 Qxa2 18.Rc1 Qd5 19.Qg4 Rg8 20.Nf1 Nc4+ 21.Ke2 Qe4+ 22.Ne3 Nxe3
23.fxe3 g5 24.hxg6 Rxg6 25.Qh3 Rxg2+ 26.Kf1 Rxc2 27.Rxc2 Qxc2 28.Qxh6 Bd3+
29.Kg1 Qd1+ 30.Kf2 Qe2+ 31.Kg3 O-O-O 32.Qg7 Be4 33.Rg1 Qf3+ 34.Kh4 Qf2+ 35.Rg3 Qh2+
36.Rh3 Qf2+ 37.Rg3 Qh2+ 38.Rh3 Qf2+ 39.Kg5 Qa2 40.Qxf7 Qd5+ 41.Be5 Qd7 42.Qf6 Bf5
43.Rh8 Rxh8 44.Qxh8+ Qd8+ 45.Qxd8+ Kxd8 46.Bd6 Kd7 47.Bb4 Bd3 48.Kf6 Bc4
49.Ke5 b6 50.Ba3 a5 51.e4 Kc7 52.Kf4 Kb7 53.Ke3 Ka6 54.Kd2 Kb5 55.Kc2 Bf1
56.Bd6 Bc4 57.Kb2 Ka6 58.Bc7 Bf1 59.e5  1/2-1/2

[Event "TCh-BIH"]
[Site "Neum BIH"]
[Date "2004.05.30"]
[Round "2"]
[White "Fercec,N"]
[Black "Vojinovic,G"]
[Result "1/2-1/2"]
[WhiteElo "2460"]
[BlackElo "2432"]

1.e4 d5 2.exd5 Qxd5 3.Nc3 Qd8 4.d4 Nf6 5.Bg5 c6 6.Qd2 Bf5 7.O-O-O e6 8.Bd3 Bxd3
9.Qxd3 Nbd7 10.f4 Qa5 11.Kb1 Bb4 12.Ne4 Nxe4 13.Qxe4 Qd5 14.Qe2 b5 15.Nf3 Nb6
16.g4 f6 17.Bh4 O-O-O 18.Be1 Bd6 19.Bd2 Rhe8 20.Rhe1 Kb7 21.Bc1 Bc7 22.Rd3 a5
23.Nh4  1/2-1/2

[Event "FSIM June"]
[Site "Budapest HUN"]
[Date "2004.06.10"]
[Round "6"]
[White "Simonsen,H"]
[Black "Brustkern,J"]
[Result "1/2-1/2"]
[WhiteElo "2243"]
[BlackElo "2266"]

1.e4 d5 2.exd5 Qxd5 3.Nc3 Qd6 4.d4 Nf6 5.Nf3 a6 6.Bc4 b5 7.Bb3 Bb7 8.O-O e6
9.Re1 c5 10.dxc5 Qxd1 11.Nxd1 Bxc5 12.Be3 Nbd7 13.a4 b4 14.a5 Bd5 15.Bxd5 Nxd5
16.Bd4 O-O 17.Ne3 Nxe3 18.Rxe3 Rfc8 19.Rd3 Bf8 20.Ne1 Rab8 21.Rd2 Rb5 22.Nd3 e5
23.Be3 f6 24.Kf1 Nb8 25.Ke2 Be7 26.Nc1 Kf7 27.Bb6 Bc5 28.Bxc5 Rcxc5 29.Nb3 Rc7
30.Rad1 Ke7 31.Ke3 Nc6  1/2-1/2

[Event "2nd Asean IM"]
[Site "Bangkok THA"]
[Date "2004.06.14"]
[Round "3"]
[White "Nay Oo Kyaw Tun"]
[Black "Goh Koon Jong,J"]
[Result "0-1"]
[WhiteElo "2431"]
[BlackElo "2382"]

1.e4 d5 2.exd5 Qxd5 3.Nc3 Qd6 4.d4 Nf6 5.Bd3 Nc6 6.Nge2 e5 7.Nb5 Qe7 8.O-O a6
9.dxe5 Nxe5 10.Nbd4 g6 11.Bg5 Bg7 12.Nc3 O-O 13.Re1 Qd6 14.Nf3 Nfg4 15.Bf4 Nxf2
16.Kxf2 Nxd3+ 17.Qxd3 Qxf4 18.Nd5 Qa4 19.c3 Be6 20.Red1 Rfd8 21.c4 Bf5 22.Qb3 Qxb3
23.axb3 Bc2 24.Re1 Bxb3 25.Rac1 Bf8 26.Nf6+ Kg7 27.Ne4 Ba4 28.Nc3 Bc6 29.Ne5 Rd2+
30.Re2 Bc5+ 31.Kf1 Rxe2 32.Nxe2 Bxg2+ 33.Kxg2 Re8 34.Nd7 Rxe2+ 35.Kf3 Re3+
36.Kf4 Bd4 37.Rd1 c5 38.b4 Rc3 39.bxc5 Bxc5 40.Nxc5 Rxc4+ 41.Ne4 f5 42.Rd7+ Kh6  0-1

[Event "8th Open"]
[Site "Voronezh RUS"]
[Date "2004.06.17"]
[Round "6"]
[White "Kruchev,B"]
[Black "Filippov,Vl"]
[Result "1-0"]
[WhiteElo "2289"]
[BlackElo "2159"]

1.e4 d5 2.exd5 Qxd5 3.Nc3 Qd6 4.d4 Nf6 5.Bc4 a6 6.Nge2 Bg4 7.f3 Bf5 8.Bf4 Qd8
9.g4 Bg6 10.Qd2 e6 11.O-O-O Bb4 12.h4 h5 13.Bg5 Qd6 14.Nf4 Nbd7 15.Nxg6 fxg6
16.Bxe6 O-O-O 17.Rhe1 hxg4 18.fxg4 Kb8 19.a3 Ba5 20.b4 Bb6 21.Bf4 Qf8 22.Rf1 a5
23.Na4 axb4 24.Bxd7 Ba7 25.g5 Rxd7 26.Be5 b5 27.gxf6 gxf6 28.Rxf6 Qe7 29.Nb6 Re8  1-0

[Event "National Open"]
[Site "Las Vegas USA"]
[Date "2004.06.19"]
[Round "4"]
[White "Eisen,L"]
[Black "Gonzalez,Ren"]
[Result "0-1"]
[WhiteElo "2242"]
[BlackElo "2419"]

1.e4 d5 2.exd5 Qxd5 3.Nc3 Qd6 4.d4 Nf6 5.Be3 c6 6.Bd3 Bg4 7.Qd2 e6 8.Nge2 Nbd7
9.O-O-O Bh5 10.f4 O-O-O 11.f5 e5 12.dxe5 Qxe5 13.Rde1 Bxe2 14.Rxe2 Qa5 15.h3 Ne5
16.g4 Bb4 17.a3 Bxa3 18.bxa3 Qxa3+ 19.Kb1 Nf3  0-1

[Event "National Open"]
[Site "Las Vegas USA"]
[Date "2004.06.20"]
[Round "6"]
[White "Ishkanov,T"]
[Black "Gonzalez,Ren"]
[Result "0-1"]
[WhiteElo "2290"]
[BlackElo "2419"]

1.e4 d5 2.exd5 Qxd5 3.Nc3 Qd6 4.d4 Nf6 5.Bd3 c6 6.Nge2 Bg4 7.f3 Bh5 8.Bf4 Qd8
9.g4 Bg6 10.h4 e6 11.h5 Bxd3 12.Qxd3 h6 13.O-O-O Qa5 14.Kb1 Nbd7 15.Ne4 O-O-O
16.Nd6+ Bxd6 17.Bxd6 Nb6 18.Bg3 Qb5 19.b3 Qxd3 20.Rxd3 Rhe8 21.Rhd1 Nbd7
22.c4 b6 23.Kc2 Kb7 24.Nc3 Rc8 25.Re1 a6 26.Be5 Rcd8 27.Rde3 Rc8 28.Na4 Rcd8
29.Kc3 c5 30.dxc5 b5 31.Bxf6 gxf6 32.Nb2 Nxc5 33.b4 Nd7 34.c5 Ne5 35.Rd1 Kc7
36.Rxd8 Rxd8 37.Nd3 Nc6 38.Re2 Ne7 39.Nf4 Rd1 40.Nxe6+ fxe6 41.Rxe6 Nd5+
42.Kc2 Rf1 43.a3 Rxf3 44.Rxa6 Ne3+ 45.Kd3 Nxg4+ 46.Ke4 Rf1 47.a4 bxa4 48.b5 f5+
49.Kd5 Kb7 50.Ke6 f4 51.b6 Kc6 52.Ra7 Kxc5 53.b7 Rb1 54.Rxa4 Rxb7 55.Rxf4 Rg7
56.Ra4 Rg8 57.Kf7 Kb5 58.Kxg8 Kxa4 59.Kg7 Kb5 60.Kg6 Kc6  0-1

[Event "2nd Infineon IM"]
[Site "Budapest HUN"]
[Date "2004.06.25"]
[Round "1"]
[White "Rovid,K"]
[Black "Szieberth,A"]
[Result "0-1"]
[WhiteElo "2405"]
[BlackElo "2370"]

1.e4 d5 2.exd5 Qxd5 3.Nc3 Qd6 4.d4 Nf6 5.Bc4 Bg4 6.f3 Bd7 7.Nge2 Nc6 8.a3 a6
9.O-O e5 10.Ne4 Nxe4 11.fxe4 O-O-O 12.c3 Bg4 13.Be3 Qg6 14.Qc2 Bxe2 15.Qxe2 exd4
16.Bxd4 Nxd4 17.cxd4 Rxd4 18.Bxf7 Qxe4 19.Rae1 Qxe2 20.Rxe2 Bc5 21.Kh1 a5
22.g3 Rhd8 23.Rf5 b6 24.Kg2 Kb7 25.Rfe5 h6 26.Bg6 Ka6 27.Be8 a4 28.Bc6 R8d6
29.Be8 Ka5 30.Bf7 Rd2 31.Bc4 Rxe2+ 32.Rxe2 b5 33.Bg8 Bd4 34.Rc2 c5 35.Kf3 c4
36.Bh7 Kb6 37.Ke2 Rf6 38.Ke1 Rf3 39.Re2 Rb3 40.Re6+ Kc7 41.Bc2 Rxb2 42.Kd1 Ra2
43.Re4 Bc5 44.Bxa4 bxa4 45.Rxc4 Kd6 46.Rxa4 Rxh2 47.Ra6+ Kd5 48.a4 Kc4 49.a5 Kd3
50.Kc1 Bd4  0-1

[Event "Summer Open"]
[Site "Pirot SCG"]
[Date "2004.07.01"]
[Round "9"]
[White "Djokic,V"]
[Black "Vojinovic,G"]
[Result "1/2-1/2"]
[WhiteElo "2161"]
[BlackElo "2432"]

1.e4 d5 2.exd5 Qxd5 3.Nc3 Qd8 4.d4 Nf6 5.Nf3 a6 6.a4 Bg4 7.Be2 e6 8.O-O Nbd7
9.Bg5 Be7 10.Ne5 Bf5 11.Bf3 c6 12.Nc4 a5 13.Bf4 Nb6 14.Ne3 Bg6 15.h4 h6 16.h5 Bh7
17.Ne2 Nbd5 18.Be5 O-O 19.c3 Ne4 20.Nf4 Bg5 21.Nfxd5 cxd5 22.Be2 Qb6 23.Bb5 Nd6
24.f4 Bf6 25.Bxf6 gxf6 26.Qg4+ Kh8 27.Qh4 Qd8 28.Ng4 f5 29.Qxd8 Rfxd8 30.Ne5 f6
31.Nd3 Bg8 32.Rae1 b6 33.Nf2 Bf7 34.Kh2 Kg7 35.Re3 Ra7 36.b3 Rc7 37.Rc1 Kf8
38.Be2 Ke7 39.c4 Ne4 40.Nxe4 dxe4 41.c5 Rxd4 42.Rec3 bxc5 43.Rxc5 Rxc5 44.Rxc5 Rd2
45.Rc7+ Kf8 46.Bc4 Bxh5 47.Kg3 Rd6 48.b4 axb4 49.a5 e3 50.a6 e2 51.Kf2 Rd1
52.Bxe2 Rd2 53.a7 Rxe2+ 54.Kf1 Ra2 55.Rc8+ Ke7 56.a8=Q Rxa8 57.Rxa8 Bd1 58.Ke1 Bc2
59.Kd2 Be4 60.Rb8 Bxg2 61.Rxb4 h5 62.Rb8 h4 63.Rh8 h3 64.Ke3 e5 65.Rh7+ Ke6
66.Rh6 Kf7 67.Rh7+ Kg6 68.Rh4 Kg7 69.Rh5  1/2-1/2

[Event "3rd Open"]
[Site "La Fere FRA"]
[Date "2004.07.04"]
[Round "2"]
[White "Sarakauskiene,Z"]
[Black "Bratanov,Z"]
[Result "0-1"]
[WhiteElo "2181"]
[BlackElo "2432"]

1.e4 d5 2.exd5 Qxd5 3.Nc3 Qd6 4.d4 Nf6 5.h3 a6 6.Nf3 e6 7.Bc4 b5 8.Be2 Bb7
9.O-O Nbd7 10.a4 b4 11.Na2 c5 12.Be3 Qc7 13.c3 Nd5 14.Bd2 bxc3 15.Nxc3 Nb4
16.Rc1 Qb6 17.Be3 Be7 18.Ne5 Rd8 19.Nc4 Qa7 20.a5 O-O 21.Bf3 Bxf3 22.gxf3 Nf6
23.Ne2 Qb7 24.Kg2 Nc6 25.Qc2 cxd4 26.Nb6 Nb4 27.Qc7 Qxc7 28.Rxc7 Bd6 29.Bf4 d3
30.Bxd6 Rxd6 31.Nc3 e5 32.Nc4 Re6 33.Rb7 Nbd5 34.Ne3 Nf4+ 35.Kh2 N6h5 36.Rd1 f5
37.Ncd5 Nxd5 38.Nxd5 e4 39.Ne7+ Kh8 40.Nxf5 g6 41.Nh6 Ref6 42.fxe4 Rxf2+
43.Kg1 R2f3 44.Nf7+ R3xf7 45.Rxf7 Rxf7 46.Rxd3 Rb7 47.Rd6 Rxb2 48.Rxa6 Nf4
49.h4 Kg7 50.e5 Re2 51.Ra7+ Kh6 52.Re7 Ra2 53.Ra7 Kh5 54.Ra6 Kg4 55.Kf1 Kf3
56.Ke1 Nd3+ 57.Kd1 Ke3  0-1

[Event "Valoz Cup"]
[Site "Olomouc CZE"]
[Date "2004.07.07"]
[Round "5"]
[White "Malinovsky,K"]
[Black "Klima,L"]
[Result "1/2-1/2"]
[WhiteElo "2231"]
[BlackElo "2432"]

1.e4 d5 2.exd5 Qxd5 3.Nc3 Qd6 4.d4 Nf6 5.Nge2 Bg4 6.Qd3 Nc6 7.Bf4 Qd7 8.O-O-O e6
9.h3 Bf5 10.Qf3 O-O-O 11.g4 Bg6 12.Bg2 Nd5 13.Nxd5 Qxd5  1/2-1/2

[Event "TCh-GRE"]
[Site "Aghia Pelagia GRE"]
[Date "2004.07.08"]
[Round "6"]
[White "Berczes,C"]
[Black "Papadopoulou,V"]
[Result "1-0"]
[WhiteElo "2371"]
[BlackElo "2266"]

1.e4 d5 2.exd5 Qxd5 3.Nc3 Qd6 4.d4 c6 5.Nf3 Nf6 6.Ne5 Bf5 7.Bf4 Qb4 8.Nc4 Ne4
9.Qf3 e5 10.Bxe5 b5 11.a3 Qe7 12.Qxf5 bxc4 13.Nxe4  1-0

[Event "3rd Open"]
[Site "La Fere FRA"]
[Date "2004.07.08"]
[Round "8"]
[White "Sarakauskiene,Z"]
[Black "Pytel,B"]
[Result "1-0"]
[WhiteElo "2181"]
[BlackElo "2023"]

1.e4 d5 2.exd5 Qxd5 3.Nc3 Qd6 4.d4 c6 5.h3 Bf5 6.Nf3 Nf6 7.Bc4 e6 8.O-O Be7
9.Ne2 Qc7 10.Bf4 Bd6 11.Bxd6 Qxd6 12.Ng3 Bg6 13.Re1 O-O 14.c3 Nbd7 15.Qe2 Nb6
16.Bb3 Nbd5 17.Ne5 Nd7 18.h4 Nxe5 19.dxe5 Qe7 20.h5 Bf5 21.Nxf5 exf5 22.Bxd5 cxd5
23.Rad1 Rad8 24.Qb5 Qd7 25.Qxd7 Rxd7 26.Rd4 f6 27.e6 Rd6 28.c4 Rfd8 29.Rxd5 Rxd5
30.cxd5 Rb8 31.d6 Kf8 32.Rc1 Ke8 33.Rc7 Rd8 34.Re7+ Kf8 35.Rf7+  1-0

[Event "Proclient Cup"]
[Site "Olomouc CZE"]
[Date "2004.07.08"]
[Round "6"]
[White "Biolek,R1"]
[Black "Mankeyev,Raua"]
[Result "0-1"]
[WhiteElo "2076"]
[BlackElo "2258"]

1.e4 d5 2.exd5 Qxd5 3.Nc3 Qd6 4.d4 a6 5.Nge2 Nf6 6.Bf4 Qb6 7.g3 Nc6 8.Bg2 Bg4
9.O-O O-O-O 10.Be3 Nb4 11.Qd2 e6 12.a3 Nbd5 13.Nxd5 exd5 14.Nc3 h6 15.b4 Qe6
16.Rfe1 Bf5 17.b5 axb5 18.Nxb5 Qa6 19.Bf1 Ne4 20.Qc1 Qa4 21.c4 c6 22.cxd5 Rxd5
23.f3 Rxb5 24.Bxb5 Qxb5 25.fxe4 Bxe4 26.Bf4 Qd5 27.Qe3 f5 28.Be5 h5 29.h4 Be7
30.Qe2 Bd8 31.Qa2 Rg8 32.Qxd5 Bxd5 33.Bf4 Be4 34.Kf2 Kd7 35.Rac1 Be7 36.Rc3 Ra8
37.Bc1 Ke6 38.Bb2 Kd5 39.Rb3 b5 40.Re2 Ra4 41.Rc3 g6 42.Ke3 Bd6 43.Kf2 Ra8
44.Re1 Rf8 45.Bc1 Kxd4 46.Bb2 Kd5 47.Rd1+ Ke6 48.Re3 Bc5 49.Bd4 Rd8 50.Bxc5 Rxd1
51.Rc3 Ke5 52.Be3 Ra1 53.Bg5 Bd5 54.Ke3 Bc4 55.Be7 Rf1 56.Bd8 Kd5 57.Rc2 c5
58.Rd2+ Kc6 59.Rc2 Bd5 60.Rf2 Ra1 61.Bf6 Rxa3+ 62.Kf4 Be4 63.Be5 Kd5 64.Bc7 c4
65.Kg5 c3 66.Bf4 Ra6  0-1

[Event "Valoz Cup"]
[Site "Olomouc CZE"]
[Date "2004.07.08"]
[Round "7"]
[White "Kuba,J"]
[Black "Klima,L"]
[Result "0-1"]
[WhiteElo "2194"]
[BlackElo "2432"]

1.e4 d5 2.exd5 Qxd5 3.Nc3 Qd6 4.Bc4 Nf6 5.d4 a6 6.Bb3 Nc6 7.Nge2 Bg4 8.f3 Bf5
9.Bf4 Qd7 10.Qd2 e6 11.O-O-O Bb4 12.g4 Bg6 13.h4 h5 14.d5 Nxd5 15.Bxd5 exd5
16.Qe3+ Qe6 17.Nxd5 O-O-O 18.Qxe6+ fxe6 19.Ne3 Rdf8 20.Rdf1 Bc5 21.Bg5 Ne5
22.gxh5 Bxh5 23.Ng1 Bxf3 24.Nxf3 Nxf3 25.Ng4 Nxg5 26.hxg5 Rxf1+ 27.Rxf1 Rh5
28.g6 Rg5 29.Rf4 Rxg6 30.b4 Bd6 31.Re4 Rg5 32.a3 Kd7 33.Kd2 Rf5 34.c4 b6
35.Ke3 Rf1 36.Ke2 Ra1 37.Ne5+ Bxe5 38.Rxe5 Ra2+ 39.Kd1 Rxa3 40.Rg5 Ra4 41.Rxg7+ Kc6
42.b5+ axb5 43.cxb5+ Kd6  0-1

[Event "TCh-GRE"]
[Site "Aghia Pelagia GRE"]
[Date "2004.07.09"]
[Round "7"]
[White "Markantonaki,H"]
[Black "Pambalou,F"]
[Result "0-1"]
[WhiteElo "2095"]
[BlackElo "2088"]

1.e4 d5 2.exd5 Qxd5 3.Nc3 Qd6 4.d4 Nf6 5.Nf3 c6 6.Be3 Bg4 7.h3 Bxf3 8.Qxf3 Nbd7
9.Bc4 e6 10.O-O Qc7 11.Rad1 Bd6 12.Bd3 O-O 13.Ne4 Nxe4 14.Qxe4 Nf6 15.Qh4 Be7
16.Bf4 Qd8 17.Be5 g6 18.Qg3 b5 19.h4 Rc8 20.Be2 h5 21.a4 a6 22.f4 Kh7 23.axb5 axb5
24.Qd3 Ng4 25.Bxg4 hxg4 26.h5 f5 27.hxg6+ Kxg6 28.Kf2 Bf6 29.Rh1 Rh8 30.Qe3 Rxh1
31.Rxh1 Ra8 32.Re1 Kf7 33.Rh1 Kg6 34.Re1 Qd5 35.Bxf6 Kxf6 36.Qe5+ Qxe5 37.dxe5+ Ke7
38.Rd1 Ra2 39.Rd6 c5 40.Rc6 c4 41.Rc7+ Kd8 42.Rb7 Rxb2 43.Kg3 b4 44.Kh4 c3
45.Rb5 Rxc2 46.Rxb4 Rxg2 47.Rd4+ Ke7 48.Rc4 c2 49.Rc5 Kd7 50.Rc4 Rf2 51.Kg3 Rf3+
52.Kg2 Rxf4 53.Rxc2 Re4 54.Rc5 Ke7 55.Rc7+ Kf8 56.Rc5 Kf7 57.Kg3 Kg6 58.Rb5 Kg5
59.Rc5 f4+ 60.Kf2 Kf5  0-1

[Event "15th Open"]
[Site "Ljubjana SLO"]
[Date "2004.07.10"]
[Round "1"]
[White "Hrenic,M"]
[Black "Nikolov,Sas"]
[Result "0-1"]
[WhiteElo "1902"]
[BlackElo "2419"]

1.e4 d5 2.exd5 Qxd5 3.Nc3 Qd6 4.d4 Nf6 5.Bc4 a6 6.a4 Nc6 7.Nge2 Bg4 8.Be3 e6
9.Qd2 O-O-O 10.O-O Qb4 11.f3 Qxc4 12.fxg4 e5 13.Bg5 Nxd4 14.Nxd4 Rxd4 15.Qe1 Nxg4
16.h3 Bc5 17.Kh1 h5 18.Qg3 f6 19.Be3 Nxe3 20.Qxe3 Rhd8  0-1

[Event "TCh-GRE"]
[Site "Aghia Pelagia GRE"]
[Date "2004.07.11"]
[Round "9"]
[White "Gavrilakis,N"]
[Black "Papaioannou,I"]
[Result "0-1"]
[WhiteElo "2402"]
[BlackElo "2577"]

1.e4 d5 2.exd5 Qxd5 3.Nc3 Qd6 4.d4 Nf6 5.Nf3 c6 6.Ne5 Be6 7.Nc4 Qd8 8.Be2 g6
9.O-O Bg7 10.Bg5 Nbd7 11.a4 O-O 12.Qd2 Nb6 13.Nxb6 axb6 14.Bf3 Qd6 15.Rad1 Rfd8
16.b3 Qb4 17.Ne4 Qxd2 18.Rxd2 Nxe4 19.Bxe4 Rxd4 20.Rxd4 Bxd4 21.Bxe7 Re8
22.Rd1 c5 23.Bh4 Bxb3 24.Bxg6 Bxa4 25.Bd3 b5 26.h3 b4 27.Kf1 b3  0-1

[Event "TCh-GRE"]
[Site "Aghia Pelagia GRE"]
[Date "2004.07.11"]
[Round "9"]
[White "Zawadzka,J"]
[Black "Pambalou,F"]
[Result "1-0"]
[WhiteElo "2272"]
[BlackElo "2088"]

1.e4 d5 2.exd5 Qxd5 3.Nc3 Qd6 4.d4 Nf6 5.Nf3 c6 6.h3 Bf5 7.Bc4 Nbd7 8.O-O e6
9.Re1 Be7 10.Ne2 Nd5 11.Bb3 b5 12.Ng3 Bg6 13.Qe2 a6 14.Ne4 Qc7 15.Bd2 h6
16.Rac1 N7f6 17.Nxf6+ gxf6 18.c4 Nf4 19.Bxf4 Qxf4 20.cxb5 cxb5 21.Bxe6 O-O
22.Bd5 Rad8 23.Qxe7 Rxd5 24.Rc6 Rf5 25.Re4 Qb8 26.Nh4 Rf4 27.Rxf4 Qxf4 28.Nxg6 fxg6
29.Rc7  1-0

[Event "15th Open"]
[Site "Ljubjana SLO"]
[Date "2004.07.12"]
[Round "4"]
[White "Barle,J"]
[Black "Krumpak,H"]
[Result "1-0"]
[WhiteElo "2385"]
[BlackElo "2118"]

1.e4 d5 2.exd5 Qxd5 3.Nc3 Qd6 4.g3 c6 5.Bg2 Nf6 6.Nf3 Bg4 7.h3 Bxf3 8.Bxf3 Na6
9.O-O Rd8 10.d3 Nc7 11.Re1 Ncd5 12.Nxd5 Nxd5 13.c3 e6 14.Qb3 Rd7 15.d4 Be7
16.Bd2 O-O 17.Rad1 Qb8 18.a4 Bf6 19.Be4 g6 20.h4 h5 21.Bb1 Re8 22.Qc2 Qd6
23.Qe4 Bg7 24.Qf3 Nf6 25.Ba2 Ng4 26.Bf4 Qf8 27.Bg5 Kh7 28.Bb1 Qd6 29.Be4 Kg8
30.Bf4 Qf8 31.Bg5 Qd6 32.Qe2 Kf8 33.Qd2 Kg8 34.Qc2 Kh7 35.Bf3 Kg8 36.Bf4 Qf8
37.a5 a6 38.Qe2 Nf6 39.Be5 Qe7 40.Qd2 Qd8 41.c4 Rf8 42.Qc3 Ne8 43.b3 Bxe5
44.dxe5 Ng7 45.Rxd7 Qxd7 46.Rd1 Qe7 47.Qd4 Nf5 48.Qb6 Rc8 49.b4 Rc7 50.Kg2 Rd7
51.Rxd7 Qxd7 52.b5 axb5 53.cxb5 Nd4 54.a6 Nxf3 55.axb7 Qd5 56.b8=Q+ Kh7 57.Qxc6 Nxh4+
58.Kh3 Qd1 59.gxh4 Qg4+ 60.Kh2 Qxh4+ 61.Kg1 Qg4+ 62.Qg2  1-0